Inovar no interior da escola (Record no. 74627)

MARC details
000 -LÍDER
campo de controle de tamanho fixo 00370 a2200157 4500
001 - NÚMERO DE CONTROLE
campo de controle 74627
020 ## - ISBN - INTERNATIONAL STANDARD BOOK NUMBER
ISBN - International Standard Book Number 857307855-3
040 ## - FONTE DA CATALOGAÇÃO
Instituição que transcreveu o registro Anchieta - Colégio São Paulo
100 ## - ENTRADA PRINCIPAL--NOME PESSOAL
Nome pessoal Thurler, Mômica Gather
240 10 - TÍTULO UNIFORME
Título uniforme Inovar no interior da escola
Idioma da obra por
245 10 - TÍTULO
Título Inovar no interior da escola
300 ## - DESCRIÇÃO FÍSICA
Extensão 215
362 0# - DATAS DE PUBLICAÇÃO E/OU DESIGNAÇÃO SEQUENCIAL
Datas de publicação e/ou designação sequencial 2001
650 #4 - ASSUNTO--TERMO TÓPICO
Cabeçalho tópico ou nome geográfico Educação
942 ## - ELEMENTOS DE ENTRADA ADICIONADOS (KOHA)
Tipo de material Koha Livros
Holdings
Situação do descarte Situação das perdas Situação física Não pode ser emprestado Biblioteca de origem Biblioteca atual Data de aquisição Total de empréstimos Número de chamada completo Código de barras Data de último acesso Data do preço efetivo Tipo de material Koha
        Colégio São Paulo Colégio São Paulo 22/11/2023   370 T537e 5383/CSP 22/11/2023 22/11/2023 Livros